Study on sek sork natural resort management and development in plovmeas commune rattanakmomdul district battambang province, សិក្សាពីការគ្រប់គ្រង និងការអភិវឌ្ឍន៍តំបន់រមណីដ្ឋានធម្មជាតិសេកសកនៅឃុំផ្លូវមាស ស្រុករតនមណ្ឌល​ខេត្តបាត់ដំបង (Record no. 3423)

000 -LEADER
fixed length control field 00785nam a22001337a 4500
040 ## - CATALOGING SOURCE
Transcribing agency RUA
082 ## - DEWEY DECIMAL CLASSIFICATION NUMBER
Classification number FOR SEN 2011 B140 Or.1
100 ## - MAIN ENTRY--AUTHOR NAME
Personal name SENG, MALA.
245 ## - TITLE STATEMENT
Title Study on sek sork natural resort management and development in plovmeas commune rattanakmomdul district battambang province, សិក្សាពីការគ្រប់គ្រង និងការអភិវឌ្ឍន៍តំបន់រមណីដ្ឋានធម្មជាតិសេកសកនៅឃុំផ្លូវមាស ស្រុករតនមណ្ឌល​ខេត្តបាត់ដំបង
260 ## - PUBLICATION, DISTRIBUTION, ETC. (IMPRINT)
Place of publication Phnom Penh
Name of publisher RUA
Year of publication 2011
300 ## - PHYSICAL DESCRIPTION
Number of Pages ix; 48p.
Other physical details ill.
Dimensions 29cm.
856 ## - ELECTRONIC LOCATION AND ACCESS
Uniform Resource Identifier https://drive.google.com/file/d/1mDuwFXpFtiRrDjawF43MKNGYPDeb711m/view?usp=sharing
942 ## - ADDED ENTRY ELEMENTS (KOHA)
Koha item type FOR
952 ## - LOCATION AND ITEM INFORMATION (KOHA)
Withdrawn status [LOCAL, KOHA] 0
952 ## - LOCATION AND ITEM INFORMATION (KOHA)
Withdrawn status [LOCAL, KOHA] 0
952 ## - LOCATION AND ITEM INFORMATION (KOHA)
Withdrawn status [LOCAL, KOHA] 0
952 ## - LOCATION AND ITEM INFORMATION (KOHA)
Withdrawn status [LOCAL, KOHA] 0
952 ## - LOCATION AND ITEM INFORMATION (KOHA)
Withdrawn status [LOCAL, KOHA] 0
952 ## - LOCATION AND ITEM INFORMATION (KOHA)
Withdrawn status [LOCAL, KOHA] 0
952 ## - LOCATION AND ITEM INFORMATION (KOHA)
Withdrawn status [LOCAL, KOHA] 0
952 ## - LOCATION AND ITEM INFORMATION (KOHA)
Withdrawn status [LOCAL, KOHA] 0
952 ## - LOCATION AND ITEM INFORMATION (KOHA)
Withdrawn status [LOCAL, KOHA] 0
Holdings
Permanent Location Date acquired Koha item type Lost status Shelving location Barcode Current Location Full call number
Library Block B2015-11-14FOR B140RUA043108Library Block BFOR SEN 2011 B140 Or.1
Library Block B2015-11-14FOR B140RUA026919Library Block BFOR SEN 2011 B140 Or.2
Library Block B2015-11-14FOR B140RUA026847Library Block BFOR SEN 2011 B140 Or.3
Library Block B2015-11-14FOR B140RUA027547Library Block BFOR SEN 2011 B140 Or.4
Library Block B2015-11-14FOR B140RUA026991Library Block BFOR SEN 2011 B140 Or.5
Library Block B2015-11-14FOR B140RUA026990Library Block BFOR SEN 2011 B140 Or.6
Library Block B2015-11-14FOR B140RUA043168Library Block BFOR SEN 2011 B140 Or.7
Library Block B2015-11-14FOR B140RUA043228Library Block BFOR SEN 2011 B140 Or.8
Library Block B2015-11-14FOR B140RUA043318Library Block BFOR SEN 2011 B140 Or.9
មជ្ឈមណ្ឌលឯការនៃសាកលវិទ្យាល័យភូមិន្ទកសិកម្មចំការដូង

Powered by Koha